Countries with Brazilian Embassies - Statistics

General Stats
  • This quiz has been taken 180 times
  • The average score is 84 of 139
Answer Stats
Country with Brazilian embassy % Correct
United States
96%
Argentina
94%
Canada
92%
Chile
88%
Colombia
88%
France
88%
Mexico
88%
Paraguay
88%
Portugal
88%
United Kingdom
88%
Uruguay
88%
Russia
87%
Spain
87%
China
86%
Peru
86%
Venezuela
86%
Ecuador
84%
Suriname
84%
Sweden
84%
Finland
82%
Norway
81%
Australia
80%
Guyana
80%
India
80%
Italy
79%
Panama
79%
Bolivia
78%
Ireland
78%
Japan
78%
Cuba
77%
Germany
77%
Guatemala
77%
Austria
76%
Costa Rica
76%
Belgium
73%
Belize
73%
Denmark
73%
Greece
73%
Haiti
73%
Honduras
73%
Indonesia
73%
Netherlands
73%
Nicaragua
73%
South Korea
73%
Egypt
72%
El Salvador
72%
Iran
72%
Turkey
72%
New Zealand
71%
Poland
71%
Switzerland
71%
Iraq
70%
Dominica
67%
South Africa
67%
Thailand
67%
Albania
66%
Bahamas
66%
Dominican Republic
66%
Israel
66%
Pakistan
66%
Barbados
65%
Jamaica
65%
Romania
65%
Saudi Arabia
65%
Serbia
64%
Ukraine
64%
Angola
63%
Czech Republic
63%
Antigua and Barbuda
62%
Croatia
62%
Estonia
62%
Vietnam
62%
Algeria
61%
Saint Kitts and Nevis
61%
Belarus
60%
Hungary
59%
Saint Lucia
59%
Slovakia
59%
Trinidad and Tobago
59%
Bosnia and Herzegovina
58%
Bulgaria
58%
United Arab Emirates
58%
Malaysia
57%
Morocco
57%
Saint Vincent and the Grenadines
57%
Grenada
56%
Slovenia
56%
Nigeria
55%
Syria
55%
Armenia
54%
Cambodia
54%
Lebanon
52%
North Korea
52%
Oman
52%
Singapore
52%
Azerbaijan
51%
Qatar
51%
Kuwait
50%
Mozambique
50%
Ethiopia
48%
Jordan
48%
Myanmar
48%
Philippines
48%
Democratic Republic of the Congo
47%
Georgia
45%
Kenya
45%
Republic of the Congo
45%
Tunisia
45%
Guinea
42%
Libya
42%
Tanzania
42%
Kazakhstan
40%
Namibia
40%
Senegal
40%
Sudan
40%
Cyprus
39%
Cameroon
38%
Cape Verde
38%
Ghana
38%
Guinea-Bissau
38%
Sri Lanka
38%
Vatican City
38%
Nepal
37%
Botswana
36%
Zambia
36%
Mali
35%
Sao Tome and Principe
34%
Zimbabwe
34%
Benin
31%
Togo
31%
East -Timor
29%
Equatorial Guinea
27%
Gabon
27%
Liberia
27%
Malawi
27%
Mauritania
27%
Cote d'Ivoire
25%
Sierra Leone
23%
Burkina Faso
20%
No matching quizzes found
Score Distribution
Percent of People with Each Score
Percentile by Number Answered
Your Score History
You have not taken this quiz